[Event "Niedersachsen-chT U16"]
[Site "Lingen"]
[Date "2005.05.06"]
[Round "4.4"]
[White "Huebner, Patrick"]
[Black "Pass, Lennart"]
[Result "1-0"]
[WhiteElo "1204"]
[BlackElo "947"]
[PlyCount "35"]
[EventDate "2005.05.05"]
[EventType "team"]
[EventRounds "5"]
[EventCountry "GER"]
[SourceTitle "EXT 2007"]
[Source "ChessBase"]
[SourceDate "2006.11.23"]
[SourceVersion "1"]
[SourceVersionDate "2006.11.23"]
[SourceQuality "1"]

1. Nf3 Nf6 2. d4 d5 3. Bf4 Bf5 4. e3 Nc6 5. Be2 e6 6. a3 Be7 7. 0-0 Ne4 8. c4 Bf6 9. cxd5 exd5 10. Bd3 Qe7 11. Bxe4 Bxe4 12. Nc3 h6 13. Qb3 0-0-0 14. Nd2 g5 15. Ndxe4 dxe4 16. Bg3 Rhf8 17. Qa2 Rde8 18. Nd5 1-0

[Event "Niedersachsen-chT U16"]
[Site "Lingen"]
[Date "2005.05.05"]
[Round "2.4"]
[White "Huebner, Patrick"]
[Black "Reusch, Julian"]
[Result "1-0"]
[WhiteElo "1204"]
[BlackElo "1493"]
[PlyCount "101"]
[EventDate "2005.05.05"]
[EventType "team"]
[EventRounds "5"]
[EventCountry "GER"]
[SourceTitle "EXT 2007"]
[Source "ChessBase"]
[SourceDate "2006.11.23"]
[SourceVersion "1"]
[SourceVersionDate "2006.11.23"]
[SourceQuality "1"]

1. Nf3 Nf6 2. d4 d5 3. Bf4 e6 4. e3 Bd6 5. Bxd6 Qxd6 6. c4 dxc4 7. Nc3 c6 8. Bxc4 0-0 9. 0-0 Nbd7 10. Qc2 b5 11. Bd3 Bb7 12. Ne4 Nxe4 13. Bxe4 Nf6 14. Rfc1 Nxe4 15. Qxe4 Rab8 16. Ne5 f6 17. Nxc6 Rbc8 18. d5 f5 19. Qf4 e5 20. Qxe5 Qxe5 21. Nxe5 Bxd5 22. a3 Rfe8 23. Rxc8 Rxc8 24. h3 Bb3 25. Nd3 Rc2 26. Rc1 Rd2 27. Rc3 Bc4 28. Ne5 Rxb2 29. Nxc4 bxc4 30. Rxc4 Rb7 31. Kh2 Kf7 32. e4 fxe4 33. Rxe4 Rb2 34. f3 Ra2 35. Ra4 Kf6 36. Rxa7 g5 37. Rxh7 Rxa3 38. Kg3 Ra4 39. Rh6+ Kg7 40. Re6 Rf4 41. Re4 Rf6 42. Kg4 Kg6 43. g3 Kh6 44. Re5 Rg6 45. Kf5 Kh5 46. g4+ Kh6 47. Re6 Rxe6 48. Kxe6 Kg6 49. Ke5 Kg7 50. Kf5 Kh6 51. Kf6 1-0